Kulturális elmaradottságunk okairól
Elmentve itt :
| Szerző: | |
|---|---|
| Dokumentumtípus: | Cikk |
| Megjelent: |
1905
|
| Sorozat: | Kolligátum
|
| Kulcsszavak: | Társadalomkritika - Magyarország - 19. sz., Kultúrafilozófia. |
| Online Access: | http://misc.bibl.u-szeged.hu/24007 |
| LEADER | 00581nab a2200169 i 4500 | ||
|---|---|---|---|
| 001 | misc24007 | ||
| 005 | 20191108150447.0 | ||
| 008 | 170824s1905 hu o 0|| zxx d | ||
| 040 | |a SZTE Miscellanea Repozitórium |b hun | ||
| 041 | |a zxx | ||
| 100 | 1 | |a Jászi Oszkár | |
| 245 | 1 | 0 | |a Kulturális elmaradottságunk okairól |h [elektronikus dokumentum] / |c Jászi Oszkár |
| 260 | |c 1905 | ||
| 300 | |a 1-30 | ||
| 490 | 0 | |a Kolligátum | |
| 695 | |a Társadalomkritika - Magyarország - 19. sz., Kultúrafilozófia. | ||
| 856 | 4 | 0 | |u http://misc.bibl.u-szeged.hu/24007/1/010_021_001-030.pdf |z Dokumentum-elérés |